[Event "DSJ Weihnachtsturnier U16: Steinitz 2020"]
[Site ""]
[Date "2020.12.28"]
[Round "4"]
[White "Colbow, Collin"]
[Black "Werner, Rosalie"]
[Result "1-0"]
[Termination "normal"]
[Board "3.1"]
[WhiteTitle "FM"]
[WhiteElo "2339"]
[BlackElo "1751"]
[WhiteTeam "SV Werder Bremen"]
[BlackTeam "VSG 1880 Offenbach"]
[PlyCount "77"]
[WhiteFideId "16201132"]
[BlackFideId "16223748"]
[EventRounds "7"]
[EventType "team-swiss"]
[EventDate "2020.12.28"]

1. e4 {[%emt 0:00:03]} c5 {[%emt 0:00:05]} 2. Nf3 {[%emt 0:00:02]} Nc6 { [%emt
0:00:03]} 3. d4 {[%emt 0:00:01]} cxd4 {[%emt 0:00:01]} 4. Nxd4 {[%emt 0:00:00]}
e5 {[%emt 0:00:05]} 5. Nb5 {[%emt 0:00:02]} d6 {[%emt 0:00:03]} 6. N1c3 {[%emt
0:00:03]} a6 {[%emt 0:00:04]} 7. Na3 {[%emt 0:00:01]} Be7 {[%emt 0:00:03]} 8.
Be3 {[%emt 0:00:14]} Nf6 {[%emt 0:00:04]} 9. Nc4 {[%emt 0:00:11]} b5 { [%emt
0:00:07]} 10. Nb6 {[%emt 0:00:03] Offenba3-001 reconnected. Offenba3-001
reconnected.} Rb8 {[%emt 0:01:38]} 11. Nxc8 {[%emt 0:00:03]} Qxc8 {[%emt
0:00:02] Offenba3-001 reconnected.} 12. Be2 {[%emt 0:01:15] Offenba3-001
reconnected.} b4 {[%emt 0:00:16] Offenba3-001 reconnected.} 13. Nd5 {[%emt
0:01:46] Offenba3-001 reconnected.} Nxe4 {[%emt 0:00:39]} 14. Nxe7 {[%emt
0:00:18]} Nxe7 {[%emt 0:00:42] Offenba3-001 reconnected.} 15. f3 {[%emt
0:02:23]} Nf6 {[%emt 0:00:28]} 16. Qxd6 {[%emt 0:00:15]} Ng6 {[%emt 0:00:36]}
17. Bxa6 { [%emt 0:00:19]} Qd8 {[%emt 0:00:15]} 18. Qxd8+ {[%emt 0:00:15]} Kxd8
{[%emt 0:00:29]} 19. O-O-O+ {[%emt 0:00:16]} Kc7 {[%emt 0:00:03]} 20. Bc5
{[%emt 0:00:03]} Rhd8 {[%emt 0:00:05]} 21. Rxd8 {[%emt 0:00:12]} Rxd8 {[%emt
0:00:19]} 22. Bxb4 {[%emt 0:00:07]} Kb6 {[%emt 0:00:10]} 23. Bc4 {[%emt
0:00:16]} Rd4 { [%emt 0:00:17]} 24. b3 {[%emt 0:00:03]} Nd5 {[%emt 0:00:13]}
25. c3 {[%emt 0:00:34]} Nxb4 {[%emt 0:00:23]} 26. cxd4 {[%emt 0:00:02]} exd4
{[%emt 0:00:05]} 27. a3 {[%emt 0:00:07]} Nc6 {[%emt 0:00:17]} 28. Bxf7 {[%emt
0:00:03]} Nce5 { [%emt 0:00:05]} 29. Bxg6 {[%emt 0:00:02]} Nxg6 {[%emt
0:00:01]} 30. Kd2 { [%emt 0:00:02]} Kc5 {[%emt 0:00:05]} 31. g3 {[%emt
0:00:12]} Ne5 {[%emt 0:00:03]} 32. f4 {[%emt 0:00:02]} Ng4 {[%emt 0:00:08]} 33.
h3 {[%emt 0:00:14]} Nf2 { [%emt 0:00:13]} 34. Rh2 {[%emt 0:00:11]} Ne4+ {[%emt
0:00:03]} 35. Kd3 { [%emt 0:00:02]} Nxg3 {[%emt 0:00:08]} 36. Rg2 {[%emt
0:00:02]} Nf5 {[%emt 0:00:10]} 37. Rg5 {[%emt 0:00:01]} g6 {[%emt 0:00:01]} 38.
Rxf5+ {[%emt 0:00:03]} gxf5 {[%emt 0:00:02]} 39. b4+ {[%emt 0:00:01]} 1-0

[Event "DSJ Weihnachtsturnier U16: Steinitz 2020"]
[Site ""]
[Date "2020.12.28"]
[Round "4"]
[White "Werner, Florin"]
[Black "Helms, Finn"]
[Result "0-1"]
[Termination "normal"]
[Board "3.2"]
[WhiteElo "1533"]
[BlackElo "1934"]
[WhiteTeam "VSG 1880 Offenbach"]
[BlackTeam "SV Werder Bremen"]
[PlyCount "66"]
[WhiteFideId "16250230"]
[BlackFideId "16249143"]
[EventRounds "7"]
[EventType "team-swiss"]
[EventDate "2020.12.28"]

1. e4 {[%emt 0:00:15]} c6 {[%emt 0:00:03]} 2. d4 {[%emt 0:00:03]} d5 {[%emt
0:00:02]} 3. exd5 {[%emt 0:00:02]} cxd5 {[%emt 0:00:00]} 4. c4 {[%emt 0:00:02]}
Nc6 {[%emt 0:00:05]} 5. Nc3 {[%emt 0:00:03]} Nf6 {[%emt 0:00:01]} 6. Nf3 {
[%emt 0:00:02]} g6 {[%emt 0:00:01]} 7. Qb3 {[%emt 0:00:03]} e6 {[%emt 0:00:19]}
8. c5 {[%emt 0:00:10] Werder2-002 reconnected.} Bg7 {[%emt 0:00:18]} 9. Bg5 {
[%emt 0:00:13]} O-O {[%emt 0:00:02]} 10. Nb5 {[%emt 0:00:05]} h6 {[%emt
0:00:02]} 11. Bh4 {[%emt 0:00:04]} g5 {[%emt 0:00:03]} 12. Bg3 {[%emt 0:00:18]}
Ne4 {[%emt 0:00:07]} 13. Bd3 {[%emt 0:00:24]} Nxg3 {[%emt 0:00:10]} 14. hxg3 {
[%emt 0:00:13]} a6 {[%emt 0:00:13]} 15. Nd6 {[%emt 0:00:06]} Qa5+ {[%emt
0:00:07]} 16. Ke2 {[%emt 0:00:12]} g4 {[%emt 0:00:20]} 17. Ne5 {[%emt 0:00:11]}
Nxd4+ {[%emt 0:00:03]} 18. Ke3 {[%emt 0:00:06]} Nxb3 {[%emt 0:00:03]} 19. Nxg4
{[%emt 0:00:02]} Qxc5+ {[%emt 0:00:05]} 20. Ke2 {[%emt 0:00:05]} Nd4+ {[%emt
0:00:03]} 21. Kf1 {[%emt 0:00:07]} Qxd6 {[%emt 0:00:00]} 22. Nxh6+ {[%emt
0:00:02]} Bxh6 {[%emt 0:00:04]} 23. Rxh6 {[%emt 0:00:00]} f5 {[%emt 0:00:05]}
24. f4 {[%emt 0:00:06]} Qb4 {[%emt 0:00:06]} 25. Kg1 {[%emt 0:00:14]} Qxb2
{[%emt 0:00:10]} 26. Re1 {[%emt 0:00:07]} Qd2 {[%emt 0:00:10]} 27. Bxf5 {[%emt
0:00:26]} Qxe1+ {[%emt 0:00:03]} 28. Kh2 {[%emt 0:00:01]} Nxf5 {[%emt 0:00:01]}
29. a4 { [%emt 0:00:06]} Qxg3+ {[%emt 0:00:02]} 30. Kg1 {[%emt 0:00:02]} Ne3
{[%emt 0:00:02]} 31. Rh2 {[%emt 0:00:04]} Rxf4 {[%emt 0:00:03]} 32. Rh8+ {[%emt
0:00:07] } Kxh8 {[%emt 0:00:02]} 33. a5 {[%emt 0:00:01]} Qxg2# {[%emt 0:00:02]}
0-1

[Event "DSJ Weihnachtsturnier U16: Steinitz 2020"]
[Site ""]
[Date "2020.12.28"]
[Round "4"]
[White "Bildat, Emilia"]
[Black "Bergmann, Lennart"]
[Result "1/2-1/2"]
[Termination "normal"]
[Board "3.3"]
[WhiteElo "1852"]
[BlackElo "1505"]
[WhiteTeam "SV Werder Bremen"]
[BlackTeam "VSG 1880 Offenbach"]
[PlyCount "56"]
[WhiteFideId "16218140"]
[BlackFideId "16270657"]
[EventRounds "7"]
[EventType "team-swiss"]
[EventDate "2020.12.28"]

1. c4 {[%emt 0:00:03] Offenba3-003 reconnected.} e5 {[%emt 0:00:17]} 2. g3 {
[%emt 0:00:02]} Nf6 {[%emt 0:00:02]} 3. Bg2 {[%emt 0:00:02]} d5 {[%emt 0:00:12]
} 4. cxd5 {[%emt 0:00:04]} Nxd5 {[%emt 0:00:03]} 5. Nc3 {[%emt 0:00:02]} Be6 {
[%emt 0:00:06]} 6. Nf3 {[%emt 0:00:11]} Nc6 {[%emt 0:00:02]} 7. O-O {[%emt
0:00:04]} Be7 {[%emt 0:00:19]} 8. d3 {[%emt 0:00:04]} O-O {[%emt 0:00:02]} 9.
Bd2 {[%emt 0:00:05]} Nb6 {[%emt 0:00:02]} 10. Rc1 {[%emt 0:00:40]} f6 {[%emt
0:00:02]} 11. a3 {[%emt 0:00:27]} Rb8 {[%emt 0:00:23]} 12. b4 {[%emt 0:00:07]}
Nd4 { [%emt 0:00:18]} 13. Nxd4 {[%emt 0:00:16]} exd4 {[%emt 0:00:12]} 14. Ne4 {
[%emt 0:00:09]} c6 {[%emt 0:00:33]} 15. Nc5 {[%emt 0:00:36]} Bxc5 {[%emt
0:00:19]} 16. bxc5 {[%emt 0:00:35]} Na8 {[%emt 0:01:04]} 17. Bf4 {[%emt
0:00:30]} Rc8 {[%emt 0:00:23]} 18. Bd6 {[%emt 0:00:08]} Re8 {[%emt 0:00:38]}
19. Rb1 { [%emt 0:00:44]} b6 {[%emt 0:00:26]} 20. a4 {[%emt 0:00:40]} bxc5
{[%emt 0:00:27]} 21. Bxc5 {[%emt 0:00:00]} Nb6 {[%emt 0:00:02]} 22. a5 {[%emt
0:00:30]} Bd5 {[%emt 0:00:40]} 23. Bh3 {[%emt 0:01:02]} Nd7 {[%emt 0:01:04]}
24. Bxa7 { [%emt 0:00:39]} c5 {[%emt 0:00:31]} 25. Bxd7 {[%emt 0:01:20]} Qxd7
{[%emt 0:00:05]} 26. Bb6 {[%emt 0:00:01]} Qh3 {[%emt 0:00:14]} 27. f3 {[%emt
0:00:07]} Qe6 {[%emt 0:00:15]} 28. Re1 {[%emt 0:00:12]} Qe3+ {[%emt 0:00:28]
Werder2-003 offers a draw} 1/2-1/2

[Event "DSJ Weihnachtsturnier U16: Steinitz 2020"]
[Site ""]
[Date "2020.12.28"]
[Round "4"]
[White "Dixon Quiroz, Laura Michaela"]
[Black "Pfeffer, Samuel"]
[Result "0-1"]
[Termination "normal"]
[Board "3.4"]
[WhiteElo "1304"]
[BlackElo "1487"]
[WhiteTeam "VSG 1880 Offenbach"]
[BlackTeam "SV Werder Bremen"]
[PlyCount "76"]
[WhiteFideId "16248708"]
[BlackFideId "16249160"]
[EventRounds "7"]
[EventType "team-swiss"]
[EventDate "2020.12.28"]

1. e4 {[%emt 0:00:04]} e5 {[%emt 0:00:52]} 2. Nf3 {[%emt 0:00:04]} Nc6 { [%emt
0:00:06]} 3. Bc4 {[%emt 0:00:02]} Nf6 {[%emt 0:00:02]} 4. d3 {[%emt 0:00:13]}
Bc5 {[%emt 0:00:07]} 5. c3 {[%emt 0:00:11]} d6 {[%emt 0:00:03]} 6. O-O { [%emt
0:00:27]} O-O {[%emt 0:00:06]} 7. h3 {[%emt 0:00:05]} a6 {[%emt 0:00:02]} 8. a4
{[%emt 0:00:27]} h6 {[%emt 0:00:07]} 9. Nbd2 {[%emt 0:00:21]} Be6 { [%emt
0:00:07]} 10. b4 {[%emt 0:00:22]} Ba7 {[%emt 0:00:15]} 11. Bb3 {[%emt 0:00:31]}
Qd7 {[%emt 0:00:08]} 12. Bxe6 {[%emt 0:00:17]} fxe6 {[%emt 0:00:12]} 13. Nb3
{[%emt 0:00:22]} Qf7 {[%emt 0:00:06]} 14. Qe2 {[%emt 0:00:30]} Ne7 { [%emt
0:00:34]} 15. Ra2 {[%emt 0:00:28]} Ng6 {[%emt 0:00:09]} 16. Nh2 {[%emt
0:00:19]} Nf4 {[%emt 0:00:19]} 17. Bxf4 {[%emt 0:00:06]} exf4 {[%emt 0:00:00]}
18. Nf3 {[%emt 0:00:18]} e5 {[%emt 0:00:10]} 19. c4 {[%emt 0:00:22]} Qg6 {
[%emt 0:00:16]} 20. Rc1 {[%emt 0:00:16]} Nd7 {[%emt 0:00:39]} 21. c5 {[%emt
0:00:13]} Rfc8 {[%emt 0:00:28]} 22. Rac2 {[%emt 0:00:20]} d5 {[%emt 0:00:24]}
23. exd5 {[%emt 0:00:18]} Re8 {[%emt 0:00:04]} 24. c6 {[%emt 0:00:10]} Nb6 {
[%emt 0:00:07]} 25. cxb7 {[%emt 0:00:04]} Rad8 {[%emt 0:00:01]} 26. Rxc7 {
[%emt 0:00:18]} Nxd5 {[%emt 0:00:15]} 27. R7c6 {[%emt 0:00:16]} Qf7 {[%emt
0:00:39]} 28. Qe4 {[%emt 0:00:20]} Qxb7 {[%emt 0:00:15]} 29. R1c4 {[%emt
0:00:40] } Bb8 {[%emt 0:00:39]} 30. Na5 {[%emt 0:00:33]} Qd7 {[%emt 0:00:22]}
31. Nh4 { [%emt 0:00:29]} Nf6 {[%emt 0:00:17]} 32. Qf3 {[%emt 0:00:17]} Qxd3
{[%emt 0:00:11]} 33. Qxd3 {[%emt 0:00:07]} Rxd3 {[%emt 0:00:00]} 34. Rxa6
{[%emt 0:00:12]} e4 {[%emt 0:00:46]} 35. Nc6 {[%emt 0:00:13]} Bd6 {[%emt
0:00:13]} 36. b5 { [%emt 0:00:03]} e3 {[%emt 0:00:05]} 37. fxe3 {[%emt
0:00:08]} fxe3 {[%emt 0:00:00]} 38. Nd4 {[%emt 0:00:16]} Rd1# {[%emt 0:00:04]}
0-1

[Event "DSJ Weihnachtsturnier U16: Steinitz 2020"]
[Site ""]
[Date "2020.12.28"]
[Round "4"]
[White "Hommel, Niclas"]
[Black "Ciolacu, Alessia-Mihaela"]
[Result "1/2-1/2"]
[Termination "normal"]
[Board "4.1"]
[BlackTitle "WFM"]
[WhiteElo "2062"]
[BlackElo "2052"]
[WhiteTeam "TSG Oberschöneweide"]
[BlackTeam "Schachverein Hemer 1932"]
[PlyCount "97"]
[WhiteFideId "12974927"]
[BlackFideId "1252640"]
[EventRounds "7"]
[EventType "team-swiss"]
[EventDate "2020.12.28"]

1. e4 {[%emt 0:00:03]} e6 {[%emt 0:00:06]} 2. d4 {[%emt 0:00:02]} d5 {[%emt
0:00:03]} 3. Nd2 {[%emt 0:00:01]} Nf6 {[%emt 0:00:03]} 4. e5 {[%emt 0:00:02]}
Nfd7 {[%emt 0:00:05]} 5. Bd3 {[%emt 0:00:03]} c5 {[%emt 0:00:02]} 6. c3 { [%emt
0:00:03]} Nc6 {[%emt 0:00:03]} 7. Ne2 {[%emt 0:00:05]} cxd4 {[%emt 0:00:02]} 8.
cxd4 {[%emt 0:00:01]} f6 {[%emt 0:00:00]} 9. exf6 {[%emt 0:00:02]} Nxf6 {[%emt
0:00:02]} 10. O-O {[%emt 0:00:01]} Bd6 {[%emt 0:00:00]} 11. Nf3 { [%emt
0:00:02]} O-O {[%emt 0:00:00]} 12. Bf4 {[%emt 0:00:27]} Nh5 {[%emt 0:00:04]}
13. Bxd6 {[%emt 0:01:06]} Qxd6 {[%emt 0:00:00]} 14. Qd2 {[%emt 0:00:26]} Bd7
{[%emt 0:00:55]} 15. Qg5 {[%emt 0:01:15]} Nf4 {[%emt 0:01:20]} 16. Nxf4 { [%emt
0:00:17]} Qxf4 {[%emt 0:00:35]} 17. Qh5 {[%emt 0:00:05]} g6 {[%emt 0:00:13]}
18. Bxg6 {[%emt 0:00:02]} hxg6 {[%emt 0:00:12]} 19. Qxg6+ {[%emt 0:00:02]} Kh8
{[%emt 0:00:01]} 20. Ng5 {[%emt 0:00:04]} Qf5 {[%emt 0:01:02]} 21. Qh6+ { [%emt
0:01:31]} Kg8 {[%emt 0:00:04]} 22. Rae1 {[%emt 0:00:07]} Rf6 {[%emt 0:00:13]}
23. Qh5 {[%emt 0:00:18]} Kg7 {[%emt 0:00:20]} 24. Re3 {[%emt 0:00:26]} Rh8
{[%emt 0:00:20]} 25. Qd1 {[%emt 0:00:04]} Rg6 {[%emt 0:00:17]} 26. f4 {[%emt
0:00:06]} Qf6 {[%emt 0:01:09]} 27. Rd3 {[%emt 0:01:16]} Ne7 {[%emt 0:00:21]}
28. Rc3 {[%emt 0:00:57]} Bc6 {[%emt 0:00:04]} 29. b4 {[%emt 0:00:07]} Bb5
{[%emt 0:00:53]} 30. Re1 {[%emt 0:00:14]} Qxf4 {[%emt 0:00:34]} 31. Nxe6+
{[%emt 0:00:03]} Rxe6 {[%emt 0:00:01]} 32. Rxe6 {[%emt 0:00:00]} Qxh2+ {[%emt
0:00:00]} 33. Kf2 {[%emt 0:00:02]} Rf8+ {[%emt 0:00:12]} 34. Rf3 {[%emt
0:00:05]} Qh4+ { [%emt 0:00:09]} 35. Kg1 {[%emt 0:00:02]} Rxf3 {[%emt 0:00:11]}
36. Qxf3 { [%emt 0:00:02]} Qxd4+ {[%emt 0:00:04]} 37. Kh1 {[%emt 0:00:07]} Qh4+
{[%emt 0:00:16]} 38. Kg1 {[%emt 0:00:02]} Bc6 {[%emt 0:00:13]} 39. Qc3+ {[%emt
0:00:09]} d4 {[%emt 0:00:03]} 40. Qd2 {[%emt 0:00:09]} Ng6 {[%emt 0:00:10]} 41.
Rd6 { [%emt 0:00:23]} Nf4 {[%emt 0:00:19]} 42. Qxd4+ {[%emt 0:00:02]} Kh7
{[%emt 0:00:11]} 43. Qe5 {[%emt 0:00:09]} Nxg2 {[%emt 0:00:11]} 44. Qf5+ {[%emt
0:00:04] } Kh8 {[%emt 0:00:07]} 45. Qf8+ {[%emt 0:00:08]} Kh7 {[%emt 0:00:01]}
46. Qf7+ {[%emt 0:00:09]} Kh8 {[%emt 0:00:03]} 47. Qf8+ {[%emt 0:00:14]} Kh7
{[%emt 0:00:01]} 48. Qf7+ {[%emt 0:00:01]} Kh8 {[%emt 0:00:01]} 49. Qf8+ {[%emt
0:00:28] } 1/2-1/2

[Event "DSJ Weihnachtsturnier U16: Steinitz 2020"]
[Site ""]
[Date "2020.12.28"]
[Round "4"]
[White "Leonard, Timo"]
[Black "Nguyen, Phuc Nhat"]
[Result "1-0"]
[Termination "normal"]
[Board "4.2"]
[WhiteElo "1953"]
[BlackElo "1639"]
[WhiteTeam "Schachverein Hemer 1932"]
[BlackTeam "TSG Oberschöneweide"]
[PlyCount "29"]
[WhiteFideId "16208757"]
[BlackFideId "16253590"]
[EventRounds "7"]
[EventType "team-swiss"]
[EventDate "2020.12.28"]

1. e4 {[%emt 0:00:07] Obersch2-002 kibitzing!? Obersch2-002 reconnected.} e5 {
[%emt 0:00:19]} 2. Nf3 {[%emt 0:00:02]} Nc6 {[%emt 0:00:02]} 3. Bc4 {[%emt
0:00:06]} Bc5 {[%emt 0:00:09]} 4. c3 {[%emt 0:00:03]} Nf6 {[%emt 0:00:15]} 5.
d4 {[%emt 0:00:03]} exd4 {[%emt 0:00:01]} 6. e5 {[%emt 0:00:02]} d5 {[%emt
0:00:02]} 7. Be2 {[%emt 0:00:02]} Ne4 {[%emt 0:00:11]} 8. cxd4 {[%emt 0:00:03]}
Bb4+ {[%emt 0:00:04]} 9. Nbd2 {[%emt 0:00:22]} Nxd2 {[%emt 0:00:15]} 10. Bxd2 {
[%emt 0:00:02]} Be7 {[%emt 0:00:11]} 11. O-O {[%emt 0:00:02]} O-O {[%emt
0:00:08]} 12. Rc1 {[%emt 0:00:13]} Bf5 {[%emt 0:00:07]} 13. Qb3 {[%emt
0:00:06]} Be4 {[%emt 0:00:25]} 14. Qxb7 {[%emt 0:00:32]} Qd7 {[%emt 0:00:17]}
15. Qxc6 { [%emt 0:00:24]} 1-0

[Event "DSJ Weihnachtsturnier U16: Steinitz 2020"]
[Site ""]
[Date "2020.12.28"]
[Round "4"]
[White "Nguyen, Tung Phong"]
[Black "Poggemann, Alexander"]
[Result "0-1"]
[Termination "normal"]
[Board "4.3"]
[WhiteElo "1375"]
[BlackElo "1813"]
[WhiteTeam "TSG Oberschöneweide"]
[BlackTeam "Schachverein Hemer 1932"]
[PlyCount "74"]
[WhiteFideId "16228855"]
[BlackFideId "16224167"]
[EventRounds "7"]
[EventType "team-swiss"]
[EventDate "2020.12.28"]

1. e4 {[%emt 0:00:08]} e6 {[%emt 0:00:03]} 2. d4 {[%emt 0:00:03]} d5 {[%emt
0:00:01]} 3. exd5 {[%emt 0:00:01]} exd5 {[%emt 0:00:02]} 4. c4 {[%emt 0:00:01]}
c6 {[%emt 0:00:11]} 5. Nc3 {[%emt 0:00:03]} Nf6 {[%emt 0:00:03]} 6. Nf3 { [%emt
0:00:02]} Bb4 {[%emt 0:00:12]} 7. Bd3 {[%emt 0:00:20]} O-O {[%emt 0:00:19]} 8.
O-O {[%emt 0:00:10]} h6 {[%emt 0:00:14]} 9. a3 {[%emt 0:00:15]} Bxc3 { [%emt
0:00:02]} 10. bxc3 {[%emt 0:00:09]} Be6 {[%emt 0:00:20]} 11. c5 {[%emt
0:00:09]} Nbd7 {[%emt 0:00:12]} 12. Bf4 {[%emt 0:00:10]} b6 {[%emt 0:00:24]}
13. cxb6 {[%emt 0:01:20]} axb6 {[%emt 0:00:33]} 14. Re1 {[%emt 0:00:32]} c5 {
[%emt 0:00:15]} 15. Ne5 {[%emt 0:00:10]} Nxe5 {[%emt 0:00:10]} 16. Bxe5 { [%emt
0:00:03]} Nd7 {[%emt 0:00:22]} 17. Bg3 {[%emt 0:00:22]} Qf6 {[%emt 0:00:16]}
18. Re3 {[%emt 0:00:22]} Kh8 {[%emt 0:00:30]} 19. Rf3 {[%emt 0:00:29]} Qe7
{[%emt 0:00:10]} 20. Qd2 {[%emt 0:00:16]} cxd4 {[%emt 0:00:08]} 21. cxd4 {
[%emt 0:00:03]} Rxa3 {[%emt 0:00:10]} 22. Rc1 {[%emt 0:00:12]} Rfa8 {[%emt
0:00:40]} 23. Re3 {[%emt 0:00:41]} Qf6 {[%emt 0:00:36]} 24. Bc2 {[%emt
0:00:08]} b5 {[%emt 0:00:17]} 25. Rf3 {[%emt 0:00:21]} Rxf3 {[%emt 0:00:05]}
26. gxf3 { [%emt 0:00:13]} Qxf3 {[%emt 0:00:05]} 27. Bd1 {[%emt 0:00:07]} Qe4
{[%emt 0:00:26]} 28. Rc3 {[%emt 0:00:10]} Nf6 {[%emt 0:00:41]} 29. Re3 {[%emt
0:00:07]} Qb1 {[%emt 0:00:06]} 30. Rb3 {[%emt 0:00:11]} Qe4 {[%emt 0:00:17]}
31. Re3 { [%emt 0:00:03]} Qg6 {[%emt 0:00:14]} 32. Rb3 {[%emt 0:00:07]} Ne4
{[%emt 0:00:08]} 33. Qe3 {[%emt 0:00:07]} Nxg3 {[%emt 0:00:06]} 34. hxg3 {[%emt
0:00:00]} Rb8 {[%emt 0:00:07]} 35. Be2 {[%emt 0:00:06]} Bd7 {[%emt 0:00:09]}
36. Qe7 { [%emt 0:00:03]} Qe6 {[%emt 0:00:05]} 37. Qc5 {[%emt 0:00:04]} Qxe2
{[%emt 0:00:03]} 0-1

[Event "DSJ Weihnachtsturnier U16: Steinitz 2020"]
[Site ""]
[Date "2020.12.28"]
[Round "4"]
[White "Becker, Linda"]
[Black "de Veer, Jonathan"]
[Result "0-1"]
[Termination "normal"]
[Board "4.4"]
[WhiteElo "1763"]
[BlackElo "946"]
[WhiteTeam "Schachverein Hemer 1932"]
[BlackTeam "TSG Oberschöneweide"]
[PlyCount "52"]
[WhiteFideId "16244753"]
[BlackFideId "16237625"]
[EventRounds "7"]
[EventType "team-swiss"]
[EventDate "2020.12.28"]

1. d4 {[%emt 0:00:04]} d5 {[%emt 0:00:04]} 2. c4 {[%emt 0:00:05]} dxc4 { [%emt
0:00:07]} 3. e4 {[%emt 0:00:06]} Nc6 {[%emt 0:00:15]} 4. d5 {[%emt 0:00:34]}
Ne5 {[%emt 0:00:21]} 5. Nc3 {[%emt 0:00:25]} Bg4 {[%emt 0:00:08]} 6. Be2 {
[%emt 0:00:11]} Nf6 {[%emt 0:00:13]} 7. f3 {[%emt 0:00:38]} Bh5 {[%emt 0:00:07]
} 8. Bf4 {[%emt 0:00:10]} Ned7 {[%emt 0:00:40]} 9. Bxc4 {[%emt 0:00:07]} e6 {
[%emt 0:00:09]} 10. dxe6 {[%emt 0:00:37]} fxe6 {[%emt 0:00:41]} 11. Bxe6 {
[%emt 0:00:09]} Bd6 {[%emt 0:00:10]} 12. Bxd6 {[%emt 0:00:16]} cxd6 {[%emt
0:00:03]} 13. Qxd6 {[%emt 0:00:15]} Bf7 {[%emt 0:00:22]} 14. Bxf7+ {[%emt
0:00:44]} Kxf7 {[%emt 0:00:05]} 15. Nd5 {[%emt 0:00:26]} Rf8 {[%emt 0:00:49]}
16. Nxf6 {[%emt 0:00:08]} Nxf6 {[%emt 0:00:06]} 17. Qb4 {[%emt 0:00:27]} Kg8 {
[%emt 0:00:09]} 18. Qxb7 {[%emt 0:00:23]} Qd4 {[%emt 0:00:38]} 19. Qb3+ { [%emt
0:00:11]} Kh8 {[%emt 0:00:12]} 20. Qc3 {[%emt 0:00:08]} Qd6 {[%emt 0:00:11]}
21. e5 {[%emt 0:00:07]} Qe6 {[%emt 0:00:10]} 22. f4 {[%emt 0:00:06]} Ne4 {
[%emt 0:00:39]} 23. Qd4 {[%emt 0:00:27]} Qf5 {[%emt 0:00:32]} 24. Nf3 {[%emt
0:00:20]} Qxf4 {[%emt 0:00:50]} 25. Rf1 {[%emt 0:00:27]} Rfd8 {[%emt 0:00:18]}
26. Qb4 {[%emt 0:00:49]} Qe3# {[%emt 0:00:26]} 0-1

[Event "DSJ Weihnachtsturnier U16: Steinitz 2020"]
[Site ""]
[Date "2020.12.28"]
[Round "4"]
[White "Wehrstedt, Raphael"]
[Black "Englert, Luca"]
[Result "0-1"]
[Termination "normal"]
[Board "5.1"]
[WhiteElo "1592"]
[BlackElo "1563"]
[WhiteTeam "SK Johanneum Eppendorf"]
[BlackTeam "VfB Schach Leipzig"]
[PlyCount "66"]
[WhiteFideId "34613781"]
[BlackFideId "16293088"]
[EventRounds "7"]
[EventType "team-swiss"]
[EventDate "2020.12.28"]

1. d4 {[%emt 0:00:00] SKJE2-001 reconnected. VfBLeip2-001 reconnected.} Nf6 {
[%emt 0:01:27]} 2. c4 {[%emt 0:00:05]} g6 {[%emt 0:00:01]} 3. f3 {[%emt
0:00:01]} Bg7 {[%emt 0:00:01]} 4. e4 {[%emt 0:00:00]} d6 {[%emt 0:00:02]} 5.
Nc3 { [%emt 0:00:01]} O-O {[%emt 0:00:02]} 6. Bg5 {[%emt 0:00:01]} Nbd7 {[%emt
0:00:04]} 7. Qd2 {[%emt 0:00:02]} c5 {[%emt 0:00:02]} 8. d5 {[%emt 0:00:02]}
Ne5 { [%emt 0:00:01]} 9. Be3 {[%emt 0:00:02]} b6 {[%emt 0:00:05]} 10. g4 {[%emt
0:00:06]} e6 {[%emt 0:00:24]} 11. h4 {[%emt 0:00:24]} exd5 {[%emt 0:00:06]} 12.
cxd5 {[%emt 0:00:00]} a6 {[%emt 0:00:04]} 13. O-O-O {[%emt 0:00:44]} b5 {[%emt
0:00:03]} 14. h5 {[%emt 0:00:10]} b4 {[%emt 0:00:04]} 15. Nb1 {[%emt 0:00:18]}
a5 { [%emt 0:00:16] SKJE2-001 reconnected. SKJE2-001 reconnected.} 16. hxg6 {
[%emt 0:02:08]} fxg6 {[%emt 0:00:00]} 17. Bh6 {[%emt 0:00:02]} c4 {[%emt
0:00:30]} 18. Bxg7 {[%emt 0:00:04]} Kxg7 {[%emt 0:00:00]} 19. Qh6+ {[%emt
0:00:01]} Kg8 {[%emt 0:00:03]} 20. Nh3 {[%emt 0:00:29]} Nxf3 {[%emt 0:00:15]}
21. Nf4 { [%emt 0:00:44]} Qe7 {[%emt 0:00:11]} 22. Bg2 {[%emt 0:02:25]} Bxg4
{[%emt 0:01:19]} 23. Nxg6 {[%emt 0:01:41]} hxg6 {[%emt 0:01:13]} 24. Bxf3
{[%emt 0:00:17]} Bxf3 {[%emt 0:00:02]} 25. Rdg1 {[%emt 0:00:56]} Bxe4 {[%emt
0:00:31]} 26. Rxg6+ {[%emt 0:00:05]} Bxg6 {[%emt 0:00:00]} 27. Qxg6+ {[%emt
0:00:02]} Qg7 {[%emt 0:00:01]} 28. Qf5 {[%emt 0:00:02]} Rae8 {[%emt 0:00:22]}
29. Qf2 {[%emt 0:00:04]} Qg5+ {[%emt 0:00:02]} 30. Nd2 {[%emt 0:00:03]} Ng4
{[%emt 0:00:05]} 31. Qg3 { [%emt 0:00:03]} Rf2 {[%emt 0:00:09]} 32. Rg1 {[%emt
0:00:02]} Qxd2+ {[%emt 0:00:02]} 33. Kb1 {[%emt 0:00:02]} Qxb2# {[%emt
0:00:00]} 0-1